[Event "EU-ch U18 25th"]
[Site "Porec"]
[Date "2015.09.23"]
[Round "3"]
[White "Kessler, Luca"]
[Black "Blahynka, Martin"]
[Result "1/2-1/2"]
[WhiteElo "2378"]
[BlackElo "2400"]
[PlyCount "60"]
[EventDate "2015.09.21"]
[EventType "swiss"]
[EventRounds "9"]
[EventCountry "CRO"]
[SourceTitle "OM OTB B 201907"]
[Source "Opening Master"]
[SourceDate "2019.07.06"]
[SourceVersion "2"]
[SourceVersionDate "2019.07.06"]
[SourceQuality "1"]

1. e4 c5 2. Nf3 d6 3. d4 cxd4 4. Nxd4 Nf6 5. Nc3 Nc6 6. Be2 e5 7. Nb3 Be7 8.
O-O O-O 9. Kh1 b6 10. Be3 Bb7 11. Qd2 d5 12. Nxd5 Nxe4 13. Qd3 Nb4 14. Nxb4
Bxb4 15. Qxd8 Raxd8 16. c3 Be7 17. a4 Bg5 18. Bxg5 Nxg5 19. a5 Ne6 20. f3 Nf4
21. Rf2 Nd3 22. Bxd3 Rxd3 23. axb6 axb6 24. h3 f5 25. Re1 e4 26. fxe4 Bxe4 27.
Kh2 h5 28. h4 Rf6 29. Nd2 Bc6 30. Nc4 Be4 1/2-1/2

[Event "HUN-chT2 Szechenyi 1516"]
[Site "Hungary"]
[Date "2015.09.13"]
[Round "1.8"]
[White "Szep, Milan"]
[Black "Simo, Judit"]
[Result "1-0"]
[WhiteElo "1841"]
[BlackElo "1888"]
[PlyCount "79"]
[EventDate "2015.09.13"]
[EventType "team-tourn"]
[EventRounds "11"]
[EventCountry "HUN"]
[SourceTitle "OM OTB B 201907"]
[Source "Opening Master"]
[SourceDate "2019.07.06"]
[SourceVersion "2"]
[SourceVersionDate "2019.07.06"]
[SourceQuality "1"]

1. e4 c5 2. Nf3 d6 3. d4 cxd4 4. Nxd4 Nf6 5. Nc3 Nc6 6. Be2 e5 7. Nb3 Be7 8.
Be3 O-O 9. f3 Be6 10. Nd5 Bxd5 11. exd5 Nb4 12. c4 b5 13. Qd2 bxc4 14. Bxc4 a5
15. O-O Rc8 16. Rfc1 e4 17. a3 a4 18. Qxb4 axb3 19. Qxb3 Rb8 20. Qc2 exf3 21.
gxf3 Qd7 22. b4 Rbc8 23. Qe2 Qf5 24. Rd1 Rfe8 25. Rac1 Ra8 26. Rc3 Nd7 27. Bd3
Qh5 28. f4 Qh4 29. Bb5 Red8 30. Rc7 Nf8 31. Bf2 Qxf4 32. Rxe7 Rxa3 33. Be8 Rda8
34. Bxf7+ Kh8 35. Rd4 Ra1+ 36. Kg2 Qg5+ 37. Rg4 Qc1 38. Rxg7 Qh1+ 39. Kh3 R1a3+
40. Bg3 1-0

[Event "HUN-chT2 Szechenyi 1516"]
[Site "Hungary"]
[Date "2015.09.13"]
[Round "1.2"]
[White "Rezsek, Gyozo"]
[Black "Ugroczky, Peter"]
[Result "0-1"]
[WhiteElo "2013"]
[BlackElo "2216"]
[PlyCount "77"]
[EventDate "2015.09.13"]
[EventType "team-tourn"]
[EventRounds "11"]
[EventCountry "HUN"]
[SourceTitle "OM OTB B 201907"]
[Source "Opening Master"]
[SourceDate "2019.07.06"]
[SourceVersion "2"]
[SourceVersionDate "2019.07.06"]
[SourceQuality "1"]

1. e4 c5 2. Nf3 d6 3. d4 cxd4 4. Nxd4 Nf6 5. Nc3 Nc6 6. Be2 e5 7. Nb3 Be7 8. f4
O-O 9. Be3 a5 10. a4 Nb4 11. O-O b6 12. Bf3 Bb7 13. Rf2 Bc6 14. Rd2 Qc7 15. Nd5
Bxd5 16. exd5 Rad8 17. c3 Na6 18. Qe2 Nc5 19. Qc4 Rc8 20. Nxc5 bxc5 21. Rad1
Nd7 22. f5 Nb6 23. Qb5 Ra8 24. Ra1 Rfb8 25. Qd3 c4 26. Qe4 Nd7 27. g4 Rb3 28.
Bd1 Rb7 29. g5 f6 30. h4 Rab8 31. Ra2 Bd8 32. Be2 Rc8 33. Ra1 Qb8 34. Ra2 Bb6
35. Bxb6 Nxb6 36. gxf6 gxf6 37. Bh5 Rg7+ 38. Rg2 Qb7 39. Kh2 0-1

[Event "POR-ch"]
[Site "Lisbon"]
[Date "2015.09.13"]
[Round "1"]
[White "Diogo, Vasco"]
[Black "Vasques, Antonio Pedro Freix"]
[Result "0-1"]
[WhiteElo "2230"]
[BlackElo "2285"]
[PlyCount "152"]
[EventDate "2015.09.13"]
[EventType "tourn"]
[EventRounds "9"]
[EventCountry "POR"]
[EventCategory "4"]
[SourceTitle "OM OTB B 201907"]
[Source "Opening Master"]
[SourceDate "2019.07.06"]
[SourceVersion "2"]
[SourceVersionDate "2019.07.06"]
[SourceQuality "1"]

1. e4 c5 2. Nf3 Nc6 3. d4 cxd4 4. Nxd4 Nf6 5. Nc3 d6 6. Be2 e5 7. Nb3 Be7 8.
O-O O-O 9. Be3 Be6 10. Bf3 a6 11. Nd5 Bxd5 12. exd5 Nb8 13. c4 Nbd7 14. Nd2 Rc8
15. b4 Ne8 16. Rc1 f5 17. Nb3 b6 18. g3 Bg5 19. Bxg5 Qxg5 20. Bg2 Nef6 21. f4
Qh6 22. Qd3 Nh5 23. Qd2 Kh8 24. a4 exf4 25. gxf4 Ndf6 26. Nd4 Ne4 27. Qe3 Rf7
28. Ne6 Nhf6 29. Qxb6 Nd2 30. Qxa6 Rg8 31. Ng5 Re7 32. Qxd6 Nxf1 33. Rxf1 Rge8
34. Qc6 Qh4 35. Ne6 Ng4 36. h3 Ne3 37. Rf2 Nd1 38. Re2 Nc3 39. Re5 Ne4 40. Bxe4
Qe1+ 41. Kh2 fxe4 42. Qc5 Qe2+ 43. Kg1 Qe1+ 44. Kg2 Qe2+ 45. Qf2 Qxc4 46. Qd2
Rd7 47. f5 e3 48. Qxe3 Rxd5 49. Rxd5 Qxd5+ 50. Qf3 Qd2+ 51. Kg3 Rc8 52. Nc5
Qxb4 53. Ne4 Qe1+ 54. Kf4 Qh4+ 55. Qg4 Qxg4+ 56. hxg4 Rc4 57. g5 Rxa4 58. Kf3
Kg8 59. Kf4 Kf7 60. Ke5 Ra5+ 61. Kf4 Rd5 62. Ng3 g6 63. fxg6+ hxg6 64. Ne4 Ke6
65. Ng3 Rd4+ 66. Kf3 Ke5 67. Ne2 Rc4 68. Kg3 Kf5 69. Ng1 Kxg5 70. Nf3+ Kf6 71.
Nd2 Rb4 72. Kf3 Kf5 73. Kg3 g5 74. Nf3 Rb3 75. Kg2 Kf4 76. Ng1 Rg3+ 0-1

[Event "Zudov Memorial 11th"]
[Site "Nizhny Tagil"]
[Date "2015.09.10"]
[Round "1"]
[White "Lintchevski, Daniil"]
[Black "Lipatov, Vladislav"]
[Result "1/2-1/2"]
[WhiteElo "2569"]
[BlackElo "2090"]
[PlyCount "157"]
[EventDate "2015.09.10"]
[EventType "swiss"]
[EventRounds "9"]
[EventCountry "RUS"]
[SourceTitle "OM OTB B 201907"]
[Source "Opening Master"]
[SourceDate "2019.07.06"]
[SourceVersion "2"]
[SourceVersionDate "2019.07.06"]
[SourceQuality "1"]

1. Nf3 c5 2. e4 d6 3. d4 cxd4 4. Nxd4 Nf6 5. Nc3 Nc6 6. Be2 e5 7. Nf3 h6 8. O-O
Be7 9. Re1 O-O 10. h3 Be6 11. Bf1 a6 12. Nd5 Bxd5 13. exd5 Nb4 14. c4 a5 15. a3
Na6 16. Rb1 b6 17. b4 Nd7 18. Bd2 axb4 19. axb4 f5 20. Qc2 Nc7 21. Rbd1 Qe8 22.
Bc1 Qg6 23. Nd4 Bh4 24. Ne6 Rfc8 25. g3 Be7 26. Bg2 Qf7 27. Qb3 Rab8 28. Bb2
Kh8 29. Nxc7 Rxc7 30. f4 Bf6 31. Ba3 e4 32. Kh2 b5 33. c5 dxc5 34. Qc2 c4 35.
g4 g6 36. d6 Rc6 37. Bc1 Rbb6 38. Be3 Ra6 39. Qd2 c3 40. Qd5 Qxd5 41. Rxd5 c2
42. gxf5 Rxd6 43. Rxd6 Rxd6 44. Bxe4 Rd1 45. Rg1 gxf5 46. Bxf5 Rxg1 47. Kxg1
Nb6 48. Bxc2 Nd5 49. Bc5 Nxf4 50. Be4 Nxh3+ 51. Kf1 Nf4 52. Bd6 Ne6 53. Ke2 h5
54. Kd3 Kg7 55. Bc6 Nd4 56. Bd7 Kf7 57. Bc5 Ne6 58. Bb6 Be7 59. Ba5 Nd8 60.
Bxb5 Nb7 61. Bc6 Nxa5 62. bxa5 Bc5 63. Kc4 Bg1 64. Bf3 h4 65. Kd5 h3 66. Kc6 h2
67. a6 Kf6 68. Kb7 Ke5 69. Bh1 Kd6 70. Bg2 Ke5 71. Bh1 Kd6 72. a7 Bxa7 73. Kxa7
Ke5 74. Kb6 Kf4 75. Kc5 Ke3 76. Kc4 Kf2 77. Kd3 Kg1 78. Ke2 Kxh1 79. Kf2
1/2-1/2

[Event "Goch op 26th"]
[Site "Goch"]
[Date "2015.09.06"]
[Round "7"]
[White "Trinkel, Fabian"]
[Black "Schmerwitz, Reinhard"]
[Result "1-0"]
[WhiteElo "1758"]
[BlackElo "1838"]
[PlyCount "88"]
[EventDate "2015.09.03"]
[EventType "swiss"]
[EventRounds "7"]
[EventCountry "GER"]
[SourceTitle "OM OTB B 201907"]
[Source "Opening Master"]
[SourceDate "2019.07.06"]
[SourceVersion "2"]
[SourceVersionDate "2019.07.06"]
[SourceQuality "1"]

1. e4 c5 2. Nf3 d6 3. d4 cxd4 4. Nxd4 Nf6 5. Nc3 Nc6 6. Be2 e5 7. Nb3 Be7 8.
O-O O-O 9. Be3 Be6 10. Bf3 a6 11. Nd5 b5 12. Bb6 Qd7 13. Qd2 Rab8 14. Be3 Bd8
15. Rad1 Bxd5 16. exd5 Ne7 17. Bg5 Ne8 18. Na5 f5 19. Nc6 Rc8 20. Bxe7 Bxe7 21.
Qa5 e4 22. Be2 Nc7 23. c4 bxc4 24. Bxc4 Bf6 25. b3 Kh8 26. a4 Ra8 27. Rfe1 Rfc8
28. Nd4 Bxd4 29. Rxd4 Ne8 30. Qd2 Nf6 31. Qe2 Qa7 32. Rdd1 Nd7 33. Qh5 Rf8 34.
Re3 Ne5 35. Be2 a5 36. Rc3 Rac8 37. Rxc8 Rxc8 38. Qxf5 Rb8 39. Rc1 h6 40. Rc8+
Rxc8 41. Qxc8+ Kh7 42. Qf5+ Kh8 43. Qxe4 Qc5 44. Bc4 Qb4 1-0

[Event "Porto Alegre Oncosinos op"]
[Site "Porto Alegre"]
[Date "2015.09.06"]
[Round "4"]
[White "Gazola, Andre Augusto"]
[Black "Pedroso, Denian"]
[Result "1/2-1/2"]
[WhiteElo "2088"]
[BlackElo "1730"]
[PlyCount "93"]
[EventDate "2015.09.04"]
[EventType "swiss"]
[EventRounds "7"]
[EventCountry "BRA"]
[SourceTitle "OM OTB B 201907"]
[Source "Opening Master"]
[SourceDate "2019.07.06"]
[SourceVersion "2"]
[SourceVersionDate "2019.07.06"]
[SourceQuality "1"]

1. e4 c5 2. Nf3 Nc6 3. d4 cxd4 4. Nxd4 Nf6 5. Nc3 d6 6. Be2 e5 7. Nb3 Be7 8.
O-O O-O 9. Be3 Be6 10. Qd2 d5 11. exd5 Nxd5 12. Nxd5 Qxd5 13. Qxd5 Bxd5 14.
Rfd1 Rad8 15. c3 Be6 16. Nc5 Bxc5 17. Bxc5 Rxd1+ 18. Rxd1 Rd8 19. Rxd8+ Nxd8
20. b3 Nc6 21. Bd3 f5 22. f3 Kf7 23. Kf2 g6 24. Ke2 Kf6 25. Kd2 Bd5 26. c4 Be6
27. Kc3 b6 28. Bf2 f4 29. c5 bxc5 30. Bxc5 a5 31. Be4 Ne7 32. Bxe7+ Kxe7 33. h4
Kd6 34. a3 Bf5 35. Kd3 Kc5 36. Ke2 Bxe4 37. fxe4 Kd4 38. Kf3 Kc3 39. b4 axb4
40. axb4 Kxb4 41. Kg4 Kc5 42. Kg5 Kd4 43. Kf6 Kxe4 44. Kg7 f3 45. gxf3+ Kxf3
46. Kxh7 e4 47. Kxg6 1/2-1/2

[Event "US Masters"]
[Site "Greensboro"]
[Date "2015.08.28"]
[Round "3"]
[White "Harmon Vellotti, Luke"]
[Black "Shabalov, Alexander"]
[Result "0-1"]
[WhiteElo "2415"]
[BlackElo "2520"]
[PlyCount "68"]
[EventDate "2015.08.27"]
[EventType "swiss"]
[EventRounds "9"]
[EventCountry "USA"]
[SourceTitle "OM OTB B 201907"]
[Source "Opening Master"]
[SourceDate "2019.07.06"]
[SourceVersion "2"]
[SourceVersionDate "2019.07.06"]
[SourceQuality "1"]

1. e4 c5 2. Nf3 Nc6 3. d4 cxd4 4. Nxd4 Nf6 5. Nc3 d6 6. Be2 e5 7. Nf3 h6 8. h3
Be7 9. O-O O-O 10. Re1 Be6 11. Bf1 Nb8 12. b3 a6 13. a4 Nbd7 14. Bb2 Rc8 15.
Qd2 Kh8 16. Nd5 Nxd5 17. exd5 Bf5 18. Bd3 Bxd3 19. Qxd3 f5 20. a5 Qe8 21. c4
Qg6 22. Qc2 Bf6 23. Re2 Rf7 24. Nd2 e4 25. Rf1 Nc5 26. Bxf6 Nd3 27. Nxe4 fxe4
28. Bh4 Nf4 29. Qxe4 Qh5 30. Re3 Qxh4 31. Kh2 Rcf8 32. b4 Nxg2 33. Kxg2 Rxf2+
34. Rxf2 Qxf2+ 0-1

[Event "SRB-chT"]
[Site "Kragujevac"]
[Date "2015.08.26"]
[Round "7.6"]
[White "Solomunovic, Igor"]
[Black "Todorovic, Goran M"]
[Result "1/2-1/2"]
[WhiteElo "2437"]
[BlackElo "2461"]
[PlyCount "122"]
[EventDate "2015.08.20"]
[EventType "team-tourn"]
[EventRounds "11"]
[EventCountry "YUG"]
[SourceTitle "OM OTB B 201907"]
[Source "Opening Master"]
[SourceDate "2019.07.06"]
[SourceVersion "2"]
[SourceVersionDate "2019.07.06"]
[SourceQuality "1"]

1. e4 c5 2. Nf3 d6 3. d4 cxd4 4. Nxd4 Nf6 5. Nc3 Nc6 6. Be2 e5 7. Nb3 Be7 8.
O-O O-O 9. f4 a5 10. a4 Nb4 11. Kh1 Be6 12. Be3 Rc8 13. Bf3 d5 14. fxe5 Nxe4
15. Bxe4 dxe4 16. Nd4 Bc5 17. Nxe6 Qxd1 18. Raxd1 fxe6 19. Rxf8+ Kxf8 20. Rf1+
Kg8 21. Bxc5 Rxc5 22. Nxe4 Rxc2 23. Ng5 h6 24. Nxe6 Nc6 25. h3 Rxb2 26. Rf8+
Kh7 27. Rf7 Kg6 28. Rxg7+ Kf5 29. Nc5 Rb1+ 30. Kh2 b6 31. Nd7 b5 32. axb5 Rxb5
33. Rh7 a4 34. Rxh6 Nxe5 35. Nxe5 Rxe5 36. Ra6 Re4 37. Kg3 Rb4 38. Kh2 Kf4 39.
Ra5 Rc4 40. g3+ Kf3 41. h4 Kg4 42. Rg5+ Kf3 43. Kh3 a3 44. Rf5+ Ke3 45. Ra5 Rc3
46. h5 Kf2 47. Kh4 Rxg3 48. h6 Kg2 49. Kh5 Rh3+ 50. Kg6 Rg3+ 51. Kf6 Rf3+ 52.
Kg7 Rg3+ 53. Kh8 Kf1 54. Ra8 Ke1 55. h7 Kd1 56. Rg8 Rh3 57. Rg2 Kc1 58. Kg8 Kb1
59. h8=Q Rxh8+ 60. Kxh8 a2 61. Rxa2 Kxa2 1/2-1/2

[Event "Berlin Lichtenberger op 14th"]
[Site "Berlin"]
[Date "2015.08.23"]
[Round "9"]
[White "Kapr, Klaus"]
[Black "Roth, Josef"]
[Result "0-1"]
[WhiteElo "2035"]
[BlackElo "2101"]
[PlyCount "65"]
[EventDate "2015.08.15"]
[EventType "swiss"]
[EventRounds "9"]
[EventCountry "GER"]
[SourceTitle "OM OTB B 201907"]
[Source "Opening Master"]
[SourceDate "2019.07.06"]
[SourceVersion "2"]
[SourceVersionDate "2019.07.06"]
[SourceQuality "1"]

1. e4 c5 2. Nf3 Nc6 3. d4 cxd4 4. Nxd4 Nf6 5. Nc3 d6 6. Be2 e5 7. Nb3 Be7 8.
Be3 O-O 9. O-O a5 10. a4 Nb4 11. Nd5 Nfxd5 12. exd5 Bf5 13. Rc1 Bg5 14. c3 Na6
15. Qd2 Bxe3 16. Qxe3 Bd7 17. Bb5 Nc7 18. c4 Nxb5 19. cxb5 f5 20. Nd2 f4 21.
Qe2 Rf6 22. Rc3 Rc8 23. Rfc1 Rxc3 24. Rxc3 Rg6 25. Nf3 Bh3 26. Ne1 Bf5 27. Qc4
h6 28. Qc7 Qg5 29. Qxb7 f3 30. Rxf3 Qd2 31. Re3 Bh3 32. g3 Rf6 33. f4 0-1

[Event "Juiz de Fora Summer op"]
[Site "Juiz de Fora"]
[Date "2015.08.22"]
[Round "3"]
[White "Reis Junior, Evandro De Laet"]
[Black "Noseda, Francesco"]
[Result "1-0"]
[WhiteElo "2023"]
[BlackElo "1900"]
[PlyCount "67"]
[EventDate "2015.08.21"]
[EventType "swiss"]
[EventRounds "6"]
[EventCountry "BRA"]
[SourceTitle "OM OTB B 201907"]
[Source "Opening Master"]
[SourceDate "2019.07.06"]
[SourceVersion "2"]
[SourceVersionDate "2019.07.06"]
[SourceQuality "1"]

1. e4 c5 2. Nf3 d6 3. d4 cxd4 4. Nxd4 Nf6 5. Nc3 Nc6 6. Be2 e5 7. Nb3 Be7 8. g4
Be6 9. g5 Nd7 10. h4 Nb6 11. Nd5 Bxd5 12. exd5 Nb8 13. Be3 N8d7 14. Qd2 Qc7 15.
Na5 f5 16. gxf6 Nxf6 17. c4 Nbd7 18. b4 e4 19. Bd4 Ne5 20. Bxe5 dxe5 21. c5 Qd7
22. Rd1 O-O 23. Rg1 Bd8 24. Nc4 Qe7 25. Nd6 Qd7 26. Qe3 a5 27. Bb5 Qc7 28. Nf5
Nh5 29. d6 Qc8 30. d7 Qc7 31. Qh6 Rxf5 32. Qe6+ Rf7 33. Qe8+ Rf8 34. Bc4+ 1-0

[Event "Dieppe op 11th"]
[Site "Dieppe"]
[Date "2015.08.22"]
[Round "1.2"]
[White "Degardin, Sylvain"]
[Black "Lagarde, Maxime"]
[Result "0-1"]
[WhiteElo "2179"]
[BlackElo "2540"]
[PlyCount "34"]
[EventDate "2015.08.22"]
[EventType "swiss"]
[EventRounds "9"]
[EventCountry "FRA"]
[SourceTitle "OM OTB B 201907"]
[Source "Opening Master"]
[SourceDate "2019.07.06"]
[SourceVersion "2"]
[SourceVersionDate "2019.07.06"]
[SourceQuality "1"]

1. e4 c5 2. Nf3 d6 3. d4 cxd4 4. Nxd4 Nf6 5. Nc3 Nc6 6. Be2 e5 7. Nf3 h6 8. O-O
Be7 9. h3 a6 10. Re1 O-O 11. Bf1 b5 12. Nd5 Nxd5 13. exd5 Nb8 14. a4 b4 15. a5
Nd7 16. Bd2 b3 17. cxb3 Nf6 0-1

[Event "FICS rated standard game"]
[Site "FICS freechess.org"]
[Date "2015.08.22"]
[Round "?"]
[White "liuchess"]
[Black "Triarius"]
[Result "0-1"]
[WhiteElo "2067"]
[BlackElo "2235"]
[PlyCount "55"]
[EventDate "2015.??.??"]

1. e4 c5 2. Nf3 Nc6 3. d4 cxd4 4. Nxd4 Nf6 5. Nc3 d6 6. Be2 e5 7. Nb3 Be7 8.
O-O O-O 9. Bg5 Be6 10. Bxf6 Bxf6 11. Qd3 a5 12. a3 a4 13. Nd2 Nd4 14. Nf3 Nxe2+
15. Qxe2 Ra5 16. Rad1 Qb6 17. Rb1 Rc8 18. Rfd1 Rcc5 19. Qd3 d5 20. Nxd5 Bxd5
21. exd5 Rxd5 22. Qf5 g6 23. Qc8+ Kg7 24. Nd2 Rac5 25. Qa8 Rxc2 26. Ne4 Rxd1+
27. Rxd1 Qd4 28. Nc3 0-1

[Event "SRB-chT"]
[Site "Kragujevac"]
[Date "2015.08.21"]
[Round "2.3"]
[White "Spasov, Vasil"]
[Black "Bogosavljevic, Boban"]
[Result "1-0"]
[WhiteElo "2544"]
[BlackElo "2520"]
[PlyCount "81"]
[EventDate "2015.08.20"]
[EventType "team-tourn"]
[EventRounds "11"]
[EventCountry "YUG"]
[SourceTitle "OM OTB B 201907"]
[Source "Opening Master"]
[SourceDate "2019.07.06"]
[SourceVersion "2"]
[SourceVersionDate "2019.07.06"]
[SourceQuality "1"]

1. e4 c5 2. Nf3 d6 3. d4 cxd4 4. Nxd4 Nf6 5. Nc3 Nc6 6. Be2 e5 7. Nf3 h6 8. O-O
Be7 9. Re1 O-O 10. h3 Be6 11. Bf1 Rc8 12. Nd5 Bxd5 13. exd5 Nb4 14. c4 a5 15.
a3 Na6 16. Rb1 Qd7 17. b4 axb4 18. axb4 Rfd8 19. Bd2 b5 20. Qb3 bxc4 21. Bxc4
Qb7 22. Ra1 Nc7 23. Ra5 Ra8 24. Rea1 Nd7 25. Be3 Nb6 26. Nd2 f5 27. Bf1 Kh8 28.
Bxb6 Qxb6 29. Rxa8 Rxa8 30. Rxa8+ Nxa8 31. Nc4 Qd8 32. Qa4 e4 33. Qc6 f4 34. b5
e3 35. b6 exf2+ 36. Kxf2 Bh4+ 37. Kf3 Nxb6 38. Nxb6 Qf6 39. Qe8+ Kh7 40. Bd3+
g6 41. Nd7 1-0

[Event "Rasht op 14th"]
[Site "Rasht"]
[Date "2015.08.19"]
[Round "9"]
[White "Omidi, Arya"]
[Black "Bagheri, Maziar"]
[Result "1-0"]
[WhiteElo "2257"]
[BlackElo "2258"]
[PlyCount "103"]
[EventDate "2015.08.14"]
[EventType "swiss"]
[EventRounds "11"]
[EventCountry "IRI"]
[SourceTitle "OM OTB B 201907"]
[Source "Opening Master"]
[SourceDate "2019.07.06"]
[SourceVersion "2"]
[SourceVersionDate "2019.07.06"]
[SourceQuality "1"]

1. e4 c5 2. Nf3 Nc6 3. d4 cxd4 4. Nxd4 Nf6 5. Nc3 d6 6. Be2 e5 7. Nb3 h6 8. O-O
Be7 9. f4 O-O 10. f5 a5 11. a4 Nb4 12. Kh1 Bd7 13. Bf3 Bc6 14. Qe2 Qc7 15. Be3
Rfd8 16. Qf2 Nd7 17. h4 b6 18. g4 d5 19. exd5 Bb7 20. Rad1 e4 21. Bxe4 Nf6 22.
Bxb6 Nxe4 23. Bxc7 Nxf2+ 24. Rxf2 Nxd5 25. Nxd5 Rxd5 26. Rxd5 Bxd5+ 27. Kh2
Bxh4 28. Rd2 Bf3 29. Kh3 Bg5 30. Rf2 Bc6 31. Nxa5 Bxa4 32. c4 Re8 33. b4 Re3+
34. Kh2 Re4 35. b5 Rxg4 36. b6 Be3 37. b7 Bxf2 38. b8=Q+ Kh7 39. Qb2 Bg1+ 40.
Kh3 h5 41. Bg3 Bd7 42. Qe5 Rg5 43. Qe7 Bxf5+ 44. Kg2 f6 45. Kxg1 Rxg3+ 46. Kf2
h4 47. Nc6 Rg4 48. Qf7 Bg6 49. Qe6 Re4 50. Qd5 Rg4 51. Ne7 Rf4+ 52. Kg1 1-0

[Event "Stare Mesto op"]
[Site "Stare Mesto"]
[Date "2015.08.17"]
[Round "5"]
[White "Lukasiewicz, Krzysztof"]
[Black "Buran, Jaroslav"]
[Result "1-0"]
[WhiteElo "2000"]
[BlackElo "2218"]
[PlyCount "93"]
[EventDate "2015.08.14"]
[EventType "swiss"]
[EventRounds "10"]
[EventCountry "CZE"]
[SourceTitle "OM OTB B 201907"]
[Source "Opening Master"]
[SourceDate "2019.07.06"]
[SourceVersion "2"]
[SourceVersionDate "2019.07.06"]
[SourceQuality "1"]

1. e4 c5 2. Nf3 d6 3. d4 cxd4 4. Nxd4 Nc6 5. Nc3 Nf6 6. Be2 e5 7. Nf3 h6 8. h3
Be6 9. O-O Be7 10. Re1 O-O 11. Bf1 Rc8 12. Nd5 Nh7 13. b3 Bxd5 14. exd5 Nb8 15.
Be3 Nd7 16. a4 Qc7 17. c4 a5 18. b4 f5 19. Qb1 Ra8 20. bxa5 Rxa5 21. Bd2 Ra7
22. a5 Nc5 23. Qb2 Bf6 24. Bc3 Qf7 25. Reb1 g5 26. Nxe5 Qg7 27. Re1 Ne4 28. Bd4
Bxe5 29. Bxe5 dxe5 30. f3 Nd6 31. c5 Nf7 32. d6 Nd8 33. Qb6 Nc6 34. Bb5 Rc8 35.
Red1 Nf8 36. a6 Nd7 37. Qxb7 Rxb7 38. axb7 Rf8 39. Bxc6 Nxc5 40. d7 Qf6 41.
d8=Q Rxd8 42. Rxd8+ Qxd8 43. Ra8 Nxb7 44. Bxb7 Qxa8 45. Bxa8 Kg7 46. Kf2 h5 47.
Bc6 1-0

[Event "GIAI VO DICH CO VUA TRE XUAT SAC TOAN Q"]
[Site "?"]
[Date "2015.08.17"]
[Round "?"]
[White "Nguyen, Linh Dan"]
[Black "Nguyen, Ngoc Van Anh"]
[Result "1-0"]
[WhiteElo "1989"]
[BlackElo "1996"]
[PlyCount "111"]
[EventDate "2015.??.??"]
[SourceTitle "OM OTB B 201907"]
[Source "Opening Master"]
[SourceDate "2019.07.06"]
[SourceVersion "2"]
[SourceVersionDate "2019.07.06"]
[SourceQuality "1"]

1. e4 c5 2. Nf3 Nc6 3. d4 cxd4 4. Nxd4 Nf6 5. Nc3 d6 6. Be2 e5 7. Nb3 Be7 8.
O-O O-O 9. Kh1 Be6 10. f4 Bxb3 11. axb3 a6 12. Bd3 h6 13. Ne2 Qb6 14. c3 Rad8
15. Ng3 d5 16. Qc2 d4 17. Nf5 exf4 18. Bxf4 dxc3 19. bxc3 Rfe8 20. Rad1 Bf8 21.
b4 Ne7 22. Be3 Qc6 23. Nd4 Qb6 24. Qf2 Qc7 25. c4 Ng4 26. Qxf7+ Kh8 27. Bf4 Qd7
28. Be2 Qc8 29. h3 Nf6 30. Bxh6 Neg8 31. Nf5 Nxh6 32. Nxh6 gxh6 33. Qxf6+ Bg7
34. Qh4 Rxd1 35. Rxd1 Qe6 36. Rd8 Qg8 37. Rxe8 Qxe8 38. Bd3 Qd7 39. Qg3 Qe7 40.
Qb8+ Bf8 41. c5 Kg7 42. Qg3+ Qg5 43. Qxg5+ hxg5 44. Kh2 Kf6 45. Kg3 Ke5 46. Kg4
Be7 47. c6 bxc6 48. Bxa6 Kxe4 49. Bb7 Kd5 50. b5 Kc5 51. bxc6 Kb6 52. g3 Kc7
53. h4 gxh4 54. gxh4 Bxh4 55. Kxh4 Kd6 56. Kg5 1-0

[Event "CZE-ch Seniors 60"]
[Site "Rychnov nad Kneznou"]
[Date "2015.08.15"]
[Round "1"]
[White "Demeter, Istvan"]
[Black "Koudelka, Milos"]
[Result "1/2-1/2"]
[WhiteElo "2025"]
[BlackElo "1770"]
[PlyCount "30"]
[EventDate "2015.08.15"]
[EventType "swiss"]
[EventRounds "9"]
[EventCountry "CZE"]
[SourceTitle "OM OTB B 201907"]
[Source "Opening Master"]
[SourceDate "2019.07.06"]
[SourceVersion "2"]
[SourceVersionDate "2019.07.06"]
[SourceQuality "1"]

1. e4 c5 2. Nf3 Nc6 3. d4 cxd4 4. Nxd4 Nf6 5. Nc3 d6 6. Be2 e5 7. Nb3 Be7 8.
O-O O-O 9. Be3 Be6 10. Bf3 Qc8 11. Nd5 Bxd5 12. exd5 Nb4 13. Qd2 Na6 14. Be2
Ne4 15. Qd1 b6 1/2-1/2

[Event "Berlin Lichtenberger op 14th"]
[Site "Berlin"]
[Date "2015.08.15"]
[Round "1"]
[White "Schmidt, Fabian"]
[Black "Daverkausen, Bernd"]
[Result "0-1"]
[WhiteElo "1766"]
[BlackElo "2137"]
[PlyCount "44"]
[EventDate "2015.08.15"]
[EventType "swiss"]
[EventRounds "9"]
[EventCountry "GER"]
[SourceTitle "OM OTB B 201907"]
[Source "Opening Master"]
[SourceDate "2019.07.06"]
[SourceVersion "2"]
[SourceVersionDate "2019.07.06"]
[SourceQuality "1"]

1. e4 c5 2. Nf3 Nc6 3. Nc3 Nf6 4. d4 cxd4 5. Nxd4 d6 6. Be2 e5 7. Nb3 Be7 8.
Be3 O-O 9. Qd2 a5 10. a4 Nb4 11. O-O-O Be6 12. f3 Rc8 13. Kb1 d5 14. exd5 Nfxd5
15. Nxd5 Bxd5 16. c4 Qe8 17. Nxa5 Qxa4 18. b3 Qxa5 19. cxd5 Rc2 20. Qxc2 Nxc2
21. Kxc2 Rc8+ 22. Kb1 Qc3 0-1

[Event "Lueneburg op-B"]
[Site "Lueneburg"]
[Date "2015.08.15"]
[Round "1"]
[White "Von Estorff, Jacob"]
[Black "Moenster, Madita"]
[Result "1-0"]
[WhiteElo "1780"]
[BlackElo "1585"]
[PlyCount "75"]
[EventDate "2015.08.15"]
[EventType "swiss"]
[EventRounds "9"]
[EventCountry "GER"]
[SourceTitle "OM OTB B 201907"]
[Source "Opening Master"]
[SourceDate "2019.07.06"]
[SourceVersion "2"]
[SourceVersionDate "2019.07.06"]
[SourceQuality "1"]

1. e4 c5 2. Nf3 d6 3. d4 cxd4 4. Nxd4 Nf6 5. Nc3 Nc6 6. Be2 e5 7. Ndb5 a6 8.
Na3 Be7 9. Be3 O-O 10. Nc4 b5 11. Nb6 Rb8 12. Nxc8 Rxc8 13. a3 Na5 14. a4 Nc4
15. Bxc4 Rxc4 16. axb5 axb5 17. Qd3 Qc8 18. Rc1 b4 19. Nd5 Nxd5 20. exd5 f5 21.
c3 bxc3 22. Rxc3 Rxc3 23. bxc3 Qa8 24. O-O g6 25. h3 Rc8 26. c4 Qa4 27. Rc1 Kf7
28. c5 dxc5 29. d6 Rd8 30. Qd5+ Kf6 31. Bxc5 Bf8 32. Re1 e4 33. h4 g5 34. Bd4+
Kg6 35. Qe6+ Kh5 36. Qxf5 h6 37. hxg5 hxg5 38. Bf6 1-0

[Event "Stare Mesto op"]
[Site "Stare Mesto"]
[Date "2015.08.14"]
[Round "1"]
[White "Lajda, Dusan"]
[Black "Jasny, Stanislav"]
[Result "0-1"]
[WhiteElo "1826"]
[BlackElo "2395"]
[PlyCount "52"]
[EventDate "2015.08.14"]
[EventType "swiss"]
[EventRounds "10"]
[EventCountry "CZE"]
[SourceTitle "OM OTB B 201907"]
[Source "Opening Master"]
[SourceDate "2019.07.06"]
[SourceVersion "2"]
[SourceVersionDate "2019.07.06"]
[SourceQuality "1"]

1. e4 c5 2. Nf3 Nc6 3. d4 cxd4 4. Nxd4 Nf6 5. Nc3 d6 6. Be2 e5 7. Nb3 Be7 8.
Be3 O-O 9. Qd2 a5 10. a4 Nb4 11. O-O Be6 12. Bg5 Qc7 13. Bxf6 Bxf6 14. Bd3 h6
15. Qe2 Rfd8 16. Nd2 Rac8 17. Rfd1 g6 18. Nb5 Qc5 19. Nb3 Qb6 20. Nc3 h5 21. h3
Bg5 22. Kh2 Nxd3 23. Rxd3 Bc4 24. Nd5 Bxd3 25. Nxb6 Bxe2 26. Nxc8 Rxc8 0-1